| 000 | 00445nam a2200181Ia 4500 | ||
|---|---|---|---|
| 005 | 20240801113313.0 | ||
| 008 | 131103s9999 xx 000 0 und d | ||
| 040 | _aLoreto College | ||
| 041 | _aEnglish | ||
| 082 |
_a821.07 _bROB |
||
| 100 | _aRobinson, Eric | ||
| 245 |
_aRhyme and reason _cEric Robinson |
||
| 260 |
_aLondon _bUniversity of London _c1956 |
||
| 300 | _a128p. | ||
| 650 | _aEnglish poetry | ||
| 850 | _aLCBED | ||
| 942 | _cBK | ||
| 999 |
_c29742 _d80221 |
||